000 00584nam a22001815i 4500
001 161766
003 ES-MaACL
005 20230906212344.0
008 021030s1835 sp |||| | spa d
040 _aCCPB | B
_bspa
_cCCPB | B
100 1 _aPérez, José Lorenzo.
_9131499
245 1 0 _aPrincipios de patología general /
_cpor José Lorenzo Pérez.
260 _aMadrid :
_b[s.n.],
_c1835 (
_fimprenta de Repullés)
300 _aVIII, 296 p. ;
_c15 cm.
650 4 _aPatología.
_915884
752 _aEspaña -
_dMadrid
852 _aES-MaACL
_jG-9934
_z-- Enc. pasta española
999 _c161766
_d161766